00503nam a2200085Ia 4500008004100000245004400041300022900085650002800314856007500342170517s9999 xx 000 0 und d aMoney as Debt 3: Evolution Beyond Money aThis third and final movie in the Money as Debt trilogy presents a comprehensive picture of how "money" could work in the future. It is a blueprint full of surprising specifics for creating a whole new system applied with... xBusiness and Economics. uhttp://topdocumentaryfilms.com/money-as-debt-3-evolution-beyond-money/